Pyramide de mots - Version aléatoire - Statistiques

Statistiques générales
  • Ce quiz a été pris 2 356 fois
    2 026 depuis la dernière actualisation
  • Le résultat moyen est 11 sur 18
Statistiques - réponses
Lettres Indices Mots % Correct
E,S Présent de être Es
98%
A,C Cela Ca
97%
C,A ... et là Çà
97%
A,L Article défini La
97%
E,R Terminaison des verbes du premier groupe Er
96%
E,T Extra-terrestre de Spielberg E.T.
96%
N,A Quatre trimestres An
95%
Du coq à l'... Ane
95%
Félin domestique Chat
95%
Mettre en ordre Ranger
95%
U,N United Nations U.N.
95%
En première page, à la ... Une
95%
U,L Participe passé de lire Lu
94%
S,O Le corps humain en compte 206 Os
94%
P,I 3,14159... Pi
94%
A,R Dieu solaire égyptien
94%
Le Moyen dura plus d'un millénaire Age
93%
Celle du Pilat en est une Dune
93%
Se mouvoir dans l'eau convenablement Nager
93%
Contraire de propre Sale
93%
Pas tic Tac
93%
I,C ...-joint, ...-dessous,... Ci
92%
Diminutif de Isabelle Isa
92%
R,E Préfixe de répétition Re
92%
S,E Son Excellence S.E.
92%
Assassine, élimine Tue
92%
A,V Valeurs actuelles VA
92%
Modal anglais Can
91%
C,E Démonstratif Ce
91%
Gaz intestinal Pet
91%
O,P Fleuve italien ou panda de Dreamworks
91%
T,E Pronom personnel Te
91%
Contraire d'après Avant
90%
Passé simple de garer Gara
90%
Fatigué, dégoûté Las
90%
Sans intérêt, mauvais Nul
90%
T,A Possessif Ta
90%
T,U Pronom personnel Tu
90%
V,U Type de rayons UV
90%
S,A Bat le roi à la bataille As
89%
E,J Pronom personnel Je
89%
L,E Article défini Le
89%
R,O Métal précieux Or
89%
Perroquet au plumage coloré Ara
88%
Femelle du canard Cane
88%
O,C Monoxyde de carbone CO
88%
Nom de famille d'Hermione chez Rowling Granger
88%
A,L Vient après le sol La
88%
N,A Négation enfantine Na
88%
Qui n'est pas humide Sec
88%
Fourgon aménagé pour le transport de passagers Van
88%
G,E Symbole du germanium Ge
87%
Contraire de meilleur Pire
87%
Souverain, monarque Roi
87%
Diminutif de Léonard notamment Léo
86%
E,N Ne pas l'oublier avec pas, plus, jamais,... Ne
86%
La locomotive s'y déplace Rail
86%
De blé ou de maïs Épi
85%
Entre duo et quatuor Trio
85%
Contraire de vendre Acheter
84%
Pas foncé Clair
84%
Prénom de Dassin Joe
84%
Contraire de gain Perte
84%
Paré, opérationnel Prêt
84%
Poisson plat Sole
84%
N,E Préposition En
83%
Peut être glaciaire Ere
83%
E,G Autre nom de Gaïa
83%
I,R Rhode Island RI
83%
Traduction de "ground" Sol
82%
Produit translucide à usage capillaire Gel
81%
Chez les catholiques, Gabriel est le plus puissant Ange
80%
O,N Théâtre traditionnel nippon
80%
Code iso polonais POL
80%
Songe Rêve
80%
Lombric Ver
80%
Neurally Adjusted Ventilatory Assist Nava
79%
I,S Vient après la Si
79%
Pistache! Tâche
79%
Grévin est un musée de ... Cire
78%
Piscine, bassin en anglais Pool
78%
R,U Cité antique mésopotamienne Ur
78%
Sens Vue
78%
Séléné en est la déesse Lune
76%
Chlorure de sodium Sel
76%
R,I Infrarouge IR
75%
E,T Pronom réfléchi Te
75%
Couvre-chef de cuisinier Toque
75%
Une barrière en réunit en Australie Corail
74%
Hurlement de Munch Cri
73%
Passé simple de enrôler Enrôla
73%
Atome "déséquilibré" Ion
73%
Nagui encourage à ne pas les oublier Paroles
73%
Personnage de l'acteur Rôle
73%
Poche, bourse, ballot Sac
73%
Troubles obsessionnels compulsifs Tocs
73%
Obtenu par fonte de sable Verre
73%
Il peut être des ours ou en chemise Ail
72%
I,E C'est à dire latin I.e.
72%
Canton suisse Uri
71%
Programme américain lunaire Apollo
70%
Futur de loger Logera
70%
Célèbre musée Louvre
70%
Créatures jaunes de Gru Minions
70%
Pas plus Moins
70%
Chaussure légère Sandale
68%
Termine les prières Amen
67%
Journal Officiel de l'Union Européenne Joue
67%
Paul en italien Paolo
67%
Fit pipi Urina
67%
Passé simple de vanter Vantai
67%
Plus haut volcan actif d'Europe Etna
65%
Jean-Baptiste Poquelin Molière
65%
Futur de munir Munira
65%
Dieu grec de la musique et de la lumière Apollon
63%
Pays de la péninsule indochinoise Laos
63%
Il doit sauver Peach de Bowser Mario
63%
Crêpe de maïs à la viande Tacos
63%
"Beignet" du Vietnam Nem
62%
Passé simple de suer Suai
62%
Rigolent, pouffent Rient
61%
Associer, allier Unir
61%
Gloussement Cot
60%
Passé simple de fêter Fêtai
60%
Reptile Serpent
60%
Etat papal Vatican
58%
Qui a lieu Fait
57%
Maladie infectieuse à transmission cutanée Gale
57%
Capitale maghrébine Alger
56%
Station russe Mir
56%
Grande colère Ire
55%
Romans policiers Polars
55%
Répandre Verser
55%
Peut être dentaire, infirmier,... Soin
54%
Pays surnommé "petite perle du Maghreb" Tunisie
54%
Amenés par Santa, seulement aux enfants sages! Jouets
53%
Elément radioactif de symbole 92 Uranium
53%
On y trouve l'Acropole Athènes
51%
Arrête de faire le ..., petit rigolo! Mariole
51%
Regarda, contempla Mira
51%
Console Nintendo en 1985 NES
51%
Joli visage délicat Minois
50%
Période d'activité sexuelle chez les mammifères Rut
50%
En conséquence, dans ce cas Alors
47%
Prénom de Hunt, interprété par Cruise Ethan
47%
Frères et sœurs d'une même famille Fratrie
47%
Unité du flux lumineux Lumen
47%
Il peut être d'utilisation ou scolaire Manuel
47%
Petit bateau plat sur la Loire Toue
47%
Oter un membre Amputer
46%
Grande colère Ire
46%
Si elle n'est pas écrite Orale
45%
Organe de l'appareil urinaire Rein
45%
Reg, de la Fressange, Sastres,... Ines
44%
Qui montre sa prétention Fat
43%
Déesse mère celtique Ana
41%
Fixer solidement Ancrer
41%
Cervidés de Sibérie Elans
41%
Elle tapisse les coquillages Nacre
41%
Qui existe Réel
41%
L'écureuil en fait de noisettes Réserve
41%
Mauvais film, familier Nanar
40%
Os du genou (plusieurs) Rotules
40%
Animal ou espion Taupe
40%
Plante succulente, parfois vera Aloès
39%
Terrorisme basque ETA
38%
Le nashi en est une Poire
38%
Nom de Pippin chez Tolkien Touque
38%
Destiné Voué
38%
Voie de communication Route
37%
Alliage de fer et de carbone Acier
36%
Paiement immédiat, comptant Cash
36%
Air, comptine, rengaine,... Chanson
36%
Râler, ronchonner Pester
36%
Ses mains travaillent l'argile Potier
36%
Ville où vote Emmanuel Macron Touquet
36%
Huile marocaine aux multiples vertus Argan
35%
L'une d'elle tua Henri II Joute
35%
Elfe de la Fraternité de l'Anneau Legolas
35%
Aouh! féminin Louve
35%
Roi du Gondor et de l'Arnor réunifiés chez Tolkien Aragorn
33%
Grand désordre, origine de tout pour les Grecs Chaos
33%
Conditionnel présent de faire Ferait
33%
Demeuras, hébergeas Logeas
33%
Préfecture des Deux-Sèvres Niort
33%
Vieilles voitures Tacots
33%
Prétentieux Crâneur
31%
L'art et la ... Manière
30%
Elles peuvent être d'or, de diamant, de porcelaine,... Noces
30%
Pays caucasien Arménie
29%
Univers fantasy de C.S. Lewis Narnia
29%
Pastier italien ou commune norvégienne Rana
28%
Outil pour tenir Etau
27%
Prairie pour animaux Pâture
27%
Qui s'y frotte s'y pique Ronces
27%
Elles sont généralement de mesure Unités
26%
Gendarme en Grande Vadrouille de Funès
25%
Petit mammifère à pattes palmées Loutre
25%
Province canadienne Ontario
25%
Elle "échoue" en avançant en ligne Tour
25%
Dieu unique en trois personnes Trinité
25%
Impôt féodal Cens
24%
Texte accordé par un souverain Charte
24%
Duchesse d'Aquitaine et Reine de France Aliénor
23%
Alcane de formule C2H6 Ethane
23%
Dépourvu, privé Dénué
20%
Etendues de terre sauvages Landes
20%
Interpréta, personnifia Incarna
19%
Département, rivière, batailles, communes,... Marne
19%
Passereau européen noir Merle
19%
Larve de mouche Asticot
18%
Célèbre Pokémon loup-combattant Lucario
18%
Peut être côtelé Velours
18%
Se dit de certaines langues polynésiennes Maorie
17%
Comme toi, là-bas, il changeait la vie Goldman
16%
Sonner, carillonner Tinter
16%
Douer quelque chose de vie Animer
14%
Comme la poire de qui rit Fendue
14%
Adler chez Conan Doyle Irène
13%
Passé simple de jouir Jouîtes
13%
Etymologiquement quelque chose... Rien
13%
Ecuyer de Don Quichotte Sancho
13%
Mieux vaut qu'il reste vierge Casier
12%
Incarne le soldat Ryan dans le film de Spielberg Damon
12%
Poèmes nippons en trois vers Haïkus
12%
Cardinal ou ordinal si c'est un adjectif Numéral
12%
User une étoffe Elimer
11%
Madame en espagnol Doña
10%
Conspuais, honnissais Huais
10%
La Chine serait celle du monde Usine
10%
Quantité pour un individu Ration
9%
Pelage long et soyeux Angora
8%
Quizmaster, en moins formel Dan
6%
Il voit 36 Monts Fuji Hokusai
6%
Aida Mme Bovary à se suicider Arsenic
5%
Valet bouffon comique italien Pierrot
4%
Plante rampante à feuilles comestibles Cresson
3%
Sottise, stupidité Ânerie
2%
Magasin dans lequel du sel est entreposé Salorge
2%
Vêtement pour chasseurs à cheval Dolman
0%
Aucun quiz correspondant
Distribution des résultats
% des personnes avec chaque résultat
Percentile par nombre de réponses
Votre historique - résultats
Vous n’avez pas pris ce quiz depuis la dernière actualisation